Statistics for Name Any Valid U.S. City

Click here to take the quiz!

General Stats

  • This quiz has been taken 12,540 times
  • The average score is 9 of 15

Answer Stats

# Name A City That... City % Correct
769Begins with the letter DDallas, Denver, Detroit...
99%
9Has a city proper population over 1 millionNew York, Los Angeles, Chicago...
99%
32Is home to at least one person worth
more than $10 billion
New York, Medina, Bentonville...
86%
187Had a population over 10,000 in 1900 and
is west of the Mississippi
San Francisco, Minneapolis, Denver...
84%
484Has the word "city" in its nameOklahoma City, Kansas City, Jersey City...
80%
127Is in MontanaBillings, Missoula, Great Falls...
68%
90Is on an international borderSan Diego, El Paso, Detroit...
66%
792Shares its county's nameLos Angeles, Philadelphia, Dallas...
64%
126Lies on the Gulf CoastTampa, Corpus Christi, Mobile...
58%
71Borders Lake ErieCleveland, Buffalo, Toledo...
57%
76Is in the Seattle metro area (excluding Seattle)Tacoma, Bellevue, Everett...
46%
81Lies at an elevation over 7,500 feetAlamosa, Mammoth Lakes, Aspen...
28%
1,081Has a population under 100Monowi, Greenhorn, Lakeside...
22%
40Is on the Upper Peninsula of MichiganMarquette, Sault Ste. Marie, Escanaba...
20%
21Lies on the Colorado RiverGrand Junction, Yuma, Moab...
15%

Score Distribution

Percentile by Number Answered

Percent of People with Each Score

Your Score History

You have not taken this quiz